| 000 | 00427 a2200133 4500 | ||
|---|---|---|---|
| 001 | 92211 | ||
| 082 | _aPR 2483 | ||
| 090 |
_c44171 _d44170 |
||
| 100 | _aFahad Naseer; Prof Dr. Nadeem Shafi Khan and Shuaib Arif (Advisors) | ||
| 245 |
_aModeling Simulation and Analysis of Vibration based Mems piezoelectric energy harvester _n77 "A" EC |
||
| 260 |
_aIslamabad _bNUST _c2014 |
||
| 300 | _axii,85p. | ||
| 500 | _aBE Project Report | ||
| 942 |
_aCAE NUST _kPR 2483 |
||
| 999 |
_c327284 _d327284 |
||